[Event "Montreal op"]
[Site "Montreal CAN"]
[Date "2010.09.11"]
[Round "2"]
[White "Gagnon, Michel"]
[Black "Hebert, Jean"]
[Result "0-1"]
[WhiteElo "2043"]
[BlackElo "2414"]
[PlyCount "60"]
[GameId "2160767909880475"]
[EventDate "2010.09.10"]
[EventType "swiss"]
[EventRounds "5"]
[EventCountry "CAN"]
[SourceTitle "CBM 138 Extra"]
[Source "ChessBase"]
[SourceDate "2010.10.29"]
[SourceVersion "1"]
[SourceVersionDate "2010.10.29"]
[SourceQuality "1"]

1. d4 Nf6 2. c4 e6 3. Nc3 c5 4. d5 exd5 5. cxd5 d6 6. e4 g6 7. Nf3 Bg7 8. Be2 O-O 9. O-O Re8 10. Nd2 Nbd7 11. f4 c4 12. Kh1 Nc5 13. e5 dxe5 14. fxe5 Rxe5 15. Nxc4 Rf5 16. Bf3 b6 17. Ne3 Re5 18. Nc4 Re8 19. d6 Ba6 20. Bxa8 Bxc4 21. b4 Nd3 22. Qf3 Ne5 23. Qd1 Bxf1 24. Qxf1 Qxa8 25. Bg5 Ned7 26. Rd1 Ne4 27. Nxe4 Qxe4 28. Be7 Bf8 29. Re1 Qxb4 30. Rb1 Qa4 0-1

[Event "Montreal op"]
[Site "Montreal CAN"]
[Date "2010.09.11"]
[Round "3"]
[White "Hebert, Jean"]
[Black "Sambuev, Bator"]
[Result "0-1"]
[WhiteElo "2429"]
[BlackElo "2640"]
[PlyCount "128"]
[GameId "2160767739316938"]
[EventDate "2010.09.10"]
[EventType "swiss"]
[EventRounds "5"]
[EventCountry "CAN"]
[WhiteClock "0:00:00"]
[BlackClock "0:00:03"]

1. d4 Nf6 2. c4 e6 3. Nf3 b6 4. a3 Bb7 5. Nc3 d5 6. cxd5 Nxd5 7. Qc2 Be7 8. Bd2 f5 9. g3 O-O 10. Bg2 Nd7 11. O-O c5 12. e3 Bf6 13. Rad1 Rc8 14. Rfe1 Qe7 15. Nxd5 Bxd5 16. Bc3 Rfd8 17. Qe2 Nf8 18. Rd2 Qb7 19. Red1 c4 20. Ne1 Ng6 21. f3 Bg5 22. Nc2 Qf7 23. Ra1 Bc6 24. a4 Ne7 25. Rdd1 Qh5 26. Re1 Nd5 27. f4 Qxe2 28. Rxe2 Bf6 29. e4 fxe4 30. Bxe4 Kf7 31. Bg2 Ne7 32. Bh3 Nf5 33. a5 Bf3 34. Rxe6 Kxe6 35. Re1+ Kf7 36. Bxf5 Rc7 37. axb6 axb6 38. Be6+ Kf8 39. Kf2 Bd5 40. Bxd5 Rxd5 41. Re6 b5 42. Rb6 Kf7 43. Kf3 Rcd7 44. g4 Bd8 45. Rb8 Bc7 46. Rb7 g5 47. fxg5 Bxh2 48. Rb6 Bd6 49. Ne3 Rxg5 50. Nf5 Bf8 51. Rxb5 Rg6 52. Kf4 Rc6 53. g5 Re6 54. Ne3 Bd6+ 55. Kf3 Kg6 56. d5 Rf7+ 57. Ke2 Rxe3+ 58. Kxe3 Kxg5 59. Ke2 h5 60. Rb6 Rd7 61. Rc6 h4 62. Bd2+ Kh5 63. Kf1 h3 64. Kg1 Be5 0-1

[Event "Montreal op"]
[Site "Montreal CAN"]
[Date "2010.09.12"]
[Round "4"]
[White "Hajiyev, Elshad"]
[Black "Hebert, Jean"]
[Result "0-1"]
[WhiteElo "2107"]
[BlackElo "2429"]
[PlyCount "62"]
[GameId "2160767909880511"]
[EventDate "2010.09.10"]
[EventType "swiss"]
[EventRounds "5"]
[EventCountry "CAN"]
[SourceTitle "hb 2010.12"]

1. e4 c5 2. d3 Nc6 3. Nf3 g6 4. Nbd2 Bg7 5. c3 d6 6. Nb3 Nf6 7. Bg5 h6 8. Be3 e5 9. Be2 b6 10. a4 d5 11. Qc2 Be6 12. O-O Rc8 13. Nc1 O-O 14. Ne1 Qd7 15. f3 Kh7 16. Qb1 Nh5 17. b4 cxb4 18. cxb4 Nf4 19. g3 Nxe2+ 20. Nxe2 f5 21. Ng2 dxe4 22. dxe4 Bc4 23. Rd1 Qe7 24. Nc3 Nxb4 25. exf5 gxf5 26. Nh4 e4 27. Bd4 Bxd4+ 28. Rxd4 Qc5 29. Ne2 Rcd8 30. Kh1 Rxd4 31. Nxd4 Qxd4 0-1

[Event "Montreal op"]
[Site "Montreal CAN"]
[Date "2010.09.12"]
[Round "5"]
[White "Hebert, Jean"]
[Black "Rousseau, Daniel"]
[Result "1-0"]
[WhiteElo "2429"]
[BlackElo "2169"]
[PlyCount "111"]
[GameId "2160767909880531"]
[EventDate "2010.09.10"]
[EventType "swiss"]
[EventRounds "5"]
[EventCountry "CAN"]
[SourceTitle "hb 2010.12"]

1. d4 Nf6 2. Nf3 g6 3. c4 Bg7 4. Nc3 O-O 5. e4 d6 6. Be2 e5 7. Be3 Ng4 8. Bg5 f6 9. Bc1 Nc6 10. d5 Ne7 11. h3 Nh6 12. h4 Nf7 13. h5 g5 14. Nd2 f5 15. exf5 Nxf5 16. Nde4 h6 17. Be3 c6 18. Qd2 Nd4 19. O-O-O c5 20. Bd3 a6 21. Ng3 Bd7 22. Bb1 e4 23. Ncxe4 Ne5 24. b3 Qe7 25. Bxd4 cxd4 26. Qb4 Nf7 27. Rhe1 Be5 28. Qb6 Rfe8 29. Nd2 Qf6 30. Nge4 Qg7 31. Nf3 Bf4+ 32. Ned2 d3 33. Qd4 Ne5 34. Nxe5 Bxe5 35. Rxe5 dxe5 36. Qxd3 Rf8 37. f3 Rf4 38. Qe3 a5 39. Ne4 a4 40. b4 g4 41. Bd3 a3 42. Be2 Bf5 43. d6 Bxe4 44. fxe4 Qg5 45. Kc2 Qf6 46. c5 Rf2 47. Rd2 Kg7 48. Bxg4 Rxd2+ 49. Qxd2 Qf7 50. Kc3 Qf1 51. d7 Qa1+ 52. Kc4 Rd8 53. Kb5 Qf1+ 54. Kb6 Qa6+ 55. Kc7 Qa8 56. Qd6 1-0

[Event "Quebec op"]
[Site "Montreal CAN"]
[Date "2010.07.24"]
[Round "1"]
[White "Hebert, Jean"]
[Black "Hambleton, Aman"]
[Result "1-0"]
[WhiteElo "2429"]
[BlackElo "2131"]
[PlyCount "85"]
[GameId "2160767909914936"]
[EventDate "2010.07.24"]
[EventType "swiss"]
[EventRounds "9"]
[EventCountry "CAN"]
[SourceTitle "CBM 137 Extra"]
[Source "ChessBase"]
[SourceDate "2010.09.01"]
[SourceVersion "1"]
[SourceVersionDate "2010.09.01"]
[SourceQuality "1"]

1. Nf3 Nf6 2. c4 c5 3. Nc3 d6 4. d4 cxd4 5. Nxd4 e6 6. g3 a6 7. Bg2 Be7 8. O-O Nbd7 9. b3 O-O 10. Bb2 Qc7 11. Rc1 Rd8 12. e4 Nf8 13. Qe2 Bd7 14. Kh1 Ng6 15. f4 Bf8 16. Nf3 Bc6 17. f5 Ne5 18. Nd4 Bd7 19. fxe6 fxe6 20. Rc2 Rac8 21. Bc1 Re8 22. Bg5 b5 23. cxb5 Qa5 24. Qd2 axb5 25. Bxf6 b4 26. Nce2 Rxc2 27. Nxc2 gxf6 28. a4 Qc5 29. Nxb4 Ng4 30. Nf4 Qe3 31. Qxe3 Nxe3 32. Rc1 d5 33. Na6 dxe4 34. Bxe4 f5 35. Bb7 Bd6 36. a5 Kf7 37. Nc5 Bb5 38. a6 Bb8 39. Re1 Ng4 40. h3 Nf2+ 41. Kg2 Ba7 42. Ncxe6 Nd3 43. Ng5+ 1-0

[Event "Quebec op"]
[Site "Montreal CAN"]
[Date "2010.07.25"]
[Round "3"]
[White "Hebert, Jean"]
[Black "Kraiouchkine, Nikita"]
[Result "1/2-1/2"]
[WhiteElo "2429"]
[BlackElo "2155"]
[PlyCount "31"]
[GameId "2160767909914963"]
[EventDate "2010.07.24"]
[EventType "swiss"]
[EventRounds "9"]
[EventCountry "CAN"]
[SourceTitle "CBM 137 Extra"]
[Source "ChessBase"]
[SourceDate "2010.09.01"]
[SourceVersion "1"]
[SourceVersionDate "2010.09.01"]
[SourceQuality "1"]

1. d4 d5 2. c4 c6 3. Nf3 Nf6 4. Nc3 dxc4 5. a4 e6 6. e3 c5 7. Bxc4 cxd4 8. exd4 Nc6 9. O-O Be7 10. Re1 O-O 11. Bg5 b6 12. Qd3 Bb7 13. Rad1 Nb4 14. Qe2 Bd5 15. Ne5 Bxc4 16. Qxc4 1/2-1/2

[Event "Quebec op"]
[Site "Montreal CAN"]
[Date "2010.07.26"]
[Round "4"]
[White "Qin, Zi Yi (Joey)"]
[Black "Hebert, Jean"]
[Result "1/2-1/2"]
[WhiteElo "2177"]
[BlackElo "2429"]
[PlyCount "95"]
[GameId "2160767909914982"]
[EventDate "2010.07.24"]
[EventType "swiss"]
[EventRounds "9"]
[EventCountry "CAN"]

1. e4 e6 2. d4 d5 3. Nd2 Nf6 4. e5 Nfd7 5. Bd3 c5 6. c3 b6 7. Nh3 Ba6 8. Bxa6 Nxa6 9. Nf4 Nc7 10. Qg4 Qe7 11. Nf3 O-O-O 12. dxc5 Nxc5 13. Nd4 Kb7 14. O-O f6 15. b4 fxe5 16. bxc5 exd4 17. cxb6 axb6 18. cxd4 e5 19. Nd3 e4 20. Ne5 Qe6 21. Qxe6 Nxe6 22. Nf7 Be7 23. Nxh8 Rxh8 24. Be3 Bf6 25. Rfd1 Rc8 26. Rac1 Ra8 27. Rc2 Ra4 28. Rcd2 h5 29. h3 h4 30. Kf1 Rc4 31. Ke2 Ra4 32. Ke1 Be7 33. Kf1 Bf6 34. Ke2 Kc6 35. f3 exf3+ 36. gxf3 Rc4 37. f4 Nc7 38. Kd3 Ra4 39. Rb1 b5 40. Rc2+ Kb6 41. f5 Na6 42. Rcb2 Nc7 43. Rb4 Rxa2 44. Bf4 Ra3+ 45. R1b3 Ra1 46. Rb1 Ra3+ 47. R4b3 Ra4 48. Rb4 1/2-1/2

[Event "Quebec op"]
[Site "Montreal CAN"]
[Date "2010.07.27"]
[Round "5"]
[White "Hebert, Jean"]
[Black "Leveille, Francois"]
[Result "1/2-1/2"]
[WhiteElo "2429"]
[BlackElo "2284"]
[PlyCount "69"]
[GameId "2160767909914986"]
[EventDate "2010.07.24"]
[EventType "swiss"]
[EventRounds "9"]
[EventCountry "CAN"]
[SourceTitle "CBM 137 Extra"]
[Source "ChessBase"]
[SourceDate "2010.09.01"]
[SourceVersion "1"]
[SourceVersionDate "2010.09.01"]
[SourceQuality "1"]

1. c4 c6 2. e4 d5 3. exd5 cxd5 4. d4 Nf6 5. Nc3 e6 6. Nf3 Bb4 7. cxd5 Nxd5 8. Bd2 O-O 9. Bd3 Nc6 10. O-O Be7 11. Be3 Nf6 12. Ne5 Bd7 13. a3 Be8 14. Re1 Nd5 15. Nxd5 Qxd5 16. Qc2 h6 17. Bh7+ Kh8 18. Be4 Nxd4 19. Qd3 Qxe5 20. Bxd4 Qg5 21. Bxb7 Rd8 22. Qc3 Bf6 23. Bxf6 Qxf6 24. Qc5 Kg8 25. b4 Rd7 26. Be4 g6 27. Rac1 Kg7 28. g3 a6 29. Qc3 Rd4 30. Rcd1 Rxd1 31. Qxf6+ Kxf6 32. Rxd1 Bb5 33. Ra1 Rd8 34. a4 Be2 35. Bc6 1/2-1/2

[Event "Quebec op"]
[Site "Montreal CAN"]
[Date "2010.07.28"]
[Round "6"]
[White "Hebert, Jean"]
[Black "Jiang, Louie"]
[Result "1/2-1/2"]
[WhiteElo "2429"]
[BlackElo "2312"]
[PlyCount "53"]
[GameId "2160767909915002"]
[EventDate "2010.07.24"]
[EventType "swiss"]
[EventRounds "9"]
[EventCountry "CAN"]
[SourceTitle "CBM 137 Extra"]
[Source "ChessBase"]
[SourceDate "2010.09.01"]
[SourceVersion "1"]
[SourceVersionDate "2010.09.01"]
[SourceQuality "1"]

1. e4 c5 2. Nf3 e6 3. c3 b6 4. d4 Bb7 5. Bd3 d6 6. O-O Nd7 7. Re1 Be7 8. Nbd2 Ngf6 9. e5 dxe5 10. dxe5 Nd5 11. Ne4 Qc7 12. Bg5 f6 13. c4 Nb4 14. Bf4 Nxe5 15. Nxe5 fxe5 16. Qh5+ g6 17. Qxe5 Qxe5 18. Bxe5 Nxd3 19. Bxh8 Nxe1 20. Rxe1 Bxe4 21. Rxe4 O-O-O 22. Bc3 Bf6 23. Kf1 Bxc3 24. bxc3 Rd1+ 25. Re1 Rd6 26. Ke2 Kd7 27. Ke3 1/2-1/2

[Event "Quebec op"]
[Site "Montreal CAN"]
[Date "2010.07.29"]
[Round "7"]
[White "Sapozhnikov, Roman"]
[Black "Hebert, Jean"]
[Result "0-1"]
[WhiteElo "2248"]
[BlackElo "2429"]
[PlyCount "220"]
[GameId "2160767909915021"]
[EventDate "2010.07.24"]
[EventType "swiss"]
[EventRounds "9"]
[EventCountry "CAN"]
[SourceTitle "CBM 137 Extra"]
[Source "ChessBase"]
[SourceDate "2010.09.01"]
[SourceVersion "1"]
[SourceVersionDate "2010.09.01"]
[SourceQuality "1"]

1. e4 e6 2. d4 d5 3. Nd2 Nf6 4. e5 Nfd7 5. c3 c5 6. Bd3 Nc6 7. Ne2 cxd4 8. cxd4 Nb6 9. O-O Bd7 10. Nf3 Be7 11. Nf4 g6 12. g3 Nb4 13. Bb1 Bb5 14. Ne2 a5 15. Re1 h6 16. h4 Kd7 17. Nh2 Rc8 18. Nc3 Ba6 19. Qf3 Qf8 20. Ng4 Nc6 21. Rd1 Kc7 22. a4 Kb8 23. b3 Nb4 24. Bd2 Nd7 25. Nf6 Nxf6 26. exf6 Bd6 27. Na2 Nc2 28. Bxc2 Rxc2 29. Nc1 Qd8 30. Nd3 Qb6 31. Bf4 Rc3 32. Bxd6+ Qxd6 33. Qf4 Qxf4 34. Nxf4 g5 35. Ng2 gxh4 36. Nxh4 h5 37. Rab1 Rh6 38. b4 axb4 39. Rxb4 Rxf6 40. Ng2 Rc2 41. Nf4 h4 42. Rb6 Rf5 43. Rdb1 Kc8 44. R6b2 Rc6 45. Rb6 Rxb6 46. Rxb6 Rg5 47. Kh2 hxg3+ 48. fxg3 Rg8 49. Kh3 Kd7 50. Kh4 Rc8 51. Rb4 Rc3 52. g4 Rf3 53. Nh5 Ke7 54. Kg5 Re3 55. Kf4 Re4+ 56. Kg5 Re1 57. Kf4 f6 58. Kf3 Rc1 59. Nf4 Rc3+ 60. Kf2 Rc6 61. Ke3 Kf7 62. Kd2 Kg7 63. Ke3 Kh6 64. Rb1 Kg5 65. Rg1 Rb6 66. Nh3+ Kg6 67. Nf4+ Kf7 68. Rc1 Bc4 69. Rd1 Rb2 70. a5 Rb5 71. Rh1 e5 72. Ng2 Rb3+ 73. Kf2 exd4 74. Nf4 Ke7 75. Re1+ Kd7 76. Ne6 Rb2+ 77. Kg3 d3 78. Nd4 d2 79. Rd1 Bb3 80. Nxb3 Rxb3+ 81. Kf2 Rd3 82. Ke2 Rd4 83. Ke3 Rxg4 84. Rxd2 Re4+ 85. Kf3 Kc6 86. Rb2 Ra4 87. Rb6+ Kc5 88. Rxb7 Rxa5 89. Rf7 Ra6 90. Ke3 Re6+ 91. Kd3 Kd6 92. Kd4 Re4+ 93. Kd3 Ke6 94. Rf8 f5 95. Rb8 Ke5 96. Re8+ Kf4 97. Rd8 Re3+ 98. Kd2 Re5 99. Kd3 Kf3 100. Kd4 Re1 101. Rf8 f4 102. Kxd5 Kg3 103. Rg8+ Kf2 104. Kd4 f3 105. Rf8 Kg2 106. Rg8+ Kf1 107. Kd3 f2 108. Kd2 Re5 109. Ra8 Rg5 110. Rf8 Kg2 0-1

[Event "Quebec op"]
[Site "Montreal CAN"]
[Date "2010.07.30"]
[Round "8"]
[White "Hebert, Jean"]
[Black "Noritsyn, Nikolay"]
[Result "1/2-1/2"]
[WhiteElo "2429"]
[BlackElo "2401"]
[PlyCount "168"]
[GameId "2160767909915028"]
[EventDate "2010.07.24"]
[EventType "swiss"]
[EventRounds "9"]
[EventCountry "CAN"]
[SourceTitle "CBM 137 Extra"]
[Source "ChessBase"]
[SourceDate "2010.09.01"]
[SourceVersion "1"]
[SourceVersionDate "2010.09.01"]
[SourceQuality "1"]

1. d4 e6 2. c4 b6 3. Nc3 Bb7 4. a3 f5 5. d5 Nf6 6. g3 Na6 7. Bg2 Nc5 8. Nh3 Bd6 9. O-O O-O 10. Nf4 Be5 11. Qc2 Qe8 12. Bd2 Nce4 13. Rad1 Nxc3 14. Bxc3 Bxf4 15. gxf4 Ne4 16. Rd3 Rf7 17. Rfd1 exd5 18. cxd5 Qe7 19. Rh3 Re8 20. Bxe4 Qxe4 21. Qxe4 Rxe4 22. e3 d6 23. Rg3 Kf8 24. h4 Rc4 25. Kh2 Rc5 26. Rdg1 g6 27. h5 gxh5 28. Rg8+ Ke7 29. R1g5 Rxd5 30. Rxh5 Rd1 31. Rg1 Rxg1 32. Kxg1 Ke6 33. Kf1 Kd5 34. Ke2 Kc4 35. Kd2 Be4 36. Rh6 Bf3 37. Rh3 Bg2 38. Rg3 Bb7 39. Rh3 Be4 40. f3 Bb7 41. Ke2 Bc6 42. Rh1 Kb3 43. Rh5 Kc2 44. Bh8 Bb5+ 45. Kf2 Bd3 46. Rh2 Kb3 47. Rh6 Re7 48. Rh1 c5 49. Rh6 Rd7 50. Ke1 d5 51. Kd2 Bc4 52. Rh5 d4 53. exd4 cxd4 54. Rxf5 Kxb2 55. a4 Kb3 56. a5 b5 57. Rh5 Ka4 58. a6 Ka5 59. f5 Kxa6 60. Rh4 d3 61. Bc3 Rc7 62. Rh6+ Kb7 63. Kc1 Rf7 64. Kd2 Re7 65. Kc1 a6 66. Ba5 Rg7 67. Rb6+ Ka7 68. Rd6 h5 69. Rh6 Rg5 70. Rf6 Rg2 71. Bd2 h4 72. Rh6 Rh2 73. f6 Rh1+ 74. Kb2 h3 75. Rh7+ Ka8 76. Bf4 Rf1 77. Rxh3 Rf2+ 78. Kc3 Rc2+ 79. Kb4 d2 80. Rh8+ Kb7 81. Rd8 Be6 82. Bxd2 Kc7 83. Rd4 Rc4+ 84. Rxc4+ Bxc4 1/2-1/2

[Event "Quebec op"]
[Site "Montreal CAN"]
[Date "2010.07.31"]
[Round "9"]
[White "Sambuev, Bator"]
[Black "Hebert, Jean"]
[Result "1-0"]
[WhiteElo "2478"]
[BlackElo "2429"]
[PlyCount "75"]
[GameId "2160767909915059"]
[EventDate "2010.07.24"]
[EventType "swiss"]
[EventRounds "9"]
[EventCountry "CAN"]
[SourceTitle "hb 2010.09"]

1. e4 e6 2. d4 d5 3. Nd2 Nf6 4. e5 Nfd7 5. Bd3 c5 6. c3 b6 7. f4 Ba6 8. Bb1 cxd4 9. cxd4 g6 10. Ndf3 Nc6 11. Ne2 Be7 12. Kf2 b5 13. Be3 Qb6 14. Nc3 Na5 15. b3 Rc8 16. Ne2 b4 17. h4 h5 18. Bc2 Nc6 19. Rc1 Kd8 20. Neg1 Kc7 21. Nh3 Kb7 22. Nhg5 Nd8 23. Qd2 Nf8 24. Bb1 Rxc1 25. Rxc1 Kb8 26. Kg3 Rg8 27. Ne4 Bb7 28. Nc5 Bc6 29. Ng5 Nd7 30. Nge4 dxe4 31. Nxd7+ Bxd7 32. d5 Qxe3+ 33. Qxe3 exd5 34. Qd2 Be6 35. Qc2 Ka8 36. Qc7 Re8 37. Bc2 Nb7 38. Bd1 1-0

[Event "Quebec-ch Elite qual"]
[Site "Montreal CAN"]
[Date "2010.05.07"]
[Round "1"]
[White "Hebert, Jean"]
[Black "Lalonde, Paul"]
[Result "1-0"]
[WhiteElo "2431"]
[BlackElo "2016"]
[PlyCount "59"]
[GameId "2160767909986355"]
[EventDate "2010.05.07"]
[EventType "swiss"]
[EventRounds "5"]
[EventCountry "CAN"]
[SourceTitle "EXT 2013"]
[Source "ChessBase"]
[SourceDate "2012.11.22"]
[SourceVersion "1"]
[SourceVersionDate "2012.11.22"]
[SourceQuality "1"]

1. d4 Nf6 2. c4 e6 3. Nc3 Bb4 4. e3 O-O 5. Bd3 d5 6. Nf3 c5 7. O-O Nc6 8. a3 Ba5 9. h3 Qe7 10. Qe2 cxd4 11. exd4 Bd7 12. Bg5 dxc4 13. Bxc4 h6 14. Bh4 Bxc3 15. bxc3 Rac8 16. Bd3 Na5 17. c4 Rfe8 18. Rfe1 Qd8 19. Ne5 Ba4 20. Ng4 Qxd4 21. Bxf6 gxf6 22. Qd2 f5 23. Nxh6+ Kf8 24. Qxa5 Qxd3 25. Qxa4 Rxc4 26. Qxa7 Kg7 27. Qxb7 Kxh6 28. Qxf7 Rec8 29. Rxe6+ Kg5 30. Qf6+ 1-0

[Event "Quebec-ch Elite qual"]
[Site "Montreal CAN"]
[Date "2010.05.08"]
[Round "3"]
[White "Libersan, Thierry"]
[Black "Hebert, Jean"]
[Result "0-1"]
[WhiteElo "2113"]
[BlackElo "2431"]
[PlyCount "86"]
[GameId "2160767909986400"]
[EventDate "2010.05.07"]
[EventType "swiss"]
[EventRounds "5"]
[EventCountry "CAN"]
[SourceTitle "EXT 2013"]
[Source "ChessBase"]
[SourceDate "2012.11.22"]
[SourceVersion "1"]
[SourceVersionDate "2012.11.22"]
[SourceQuality "1"]

1. e4 e6 2. d4 d5 3. Nc3 Bb4 4. e5 b6 5. Qg4 Bf8 6. Nf3 Qd7 7. a4 Nc6 8. Bb5 a6 9. Be2 Nb4 10. Bd1 a5 11. O-O Ne7 12. Nb5 h5 13. Qg5 Ba6 14. c3 Nbc6 15. Be2 Nf5 16. Qd2 Nce7 17. b3 c6 18. Nd6+ Nxd6 19. exd6 Qxd6 20. Ba3 Qc7 21. Bxa6 Rxa6 22. Rfe1 Ng6 23. Bxf8 Kxf8 24. g3 Rh6 25. Ng5 Kg8 26. Re3 Nf8 27. Rae1 Ra7 28. h4 Qd6 29. Kg2 Re7 30. f4 Rf6 31. Qe2 Rf5 32. Re5 Rxe5 33. fxe5 Qa3 34. Qxh5 Qxb3 35. Rf1 Qc2+ 36. Rf2 Qg6 37. Qe2 f6 38. exf6 gxf6 39. Qf1 Nd7 40. Nh3 Rg7 41. Rf3 e5 42. dxe5 Nxe5 43. Rxf6 Qe4+ 0-1

[Event "Quebec-ch Elite qual"]
[Site "Montreal CAN"]
[Date "2010.05.09"]
[Round "4"]
[White "Masse, Hugues"]
[Black "Hebert, Jean"]
[Result "1/2-1/2"]
[WhiteElo "2240"]
[BlackElo "2431"]
[PlyCount "95"]
[GameId "2160767909986421"]
[EventDate "2010.05.07"]
[EventType "swiss"]
[EventRounds "5"]
[EventCountry "CAN"]
[SourceTitle "EXT 2013"]
[Source "ChessBase"]
[SourceDate "2012.11.22"]
[SourceVersion "1"]
[SourceVersionDate "2012.11.22"]
[SourceQuality "1"]

1. d4 Nf6 2. c4 e6 3. Nc3 c5 4. d5 exd5 5. cxd5 d6 6. e4 g6 7. Bd3 Bg7 8. h3 O-O 9. Nf3 a6 10. a4 Nh5 11. O-O Nd7 12. Re1 Rb8 13. g4 Nhf6 14. Bf4 Ne8 15. Bg3 Ne5 16. Nxe5 dxe5 17. a5 Nd6 18. f4 Re8 19. f5 c4 20. Bf1 b5 21. axb6 Qxb6+ 22. Bf2 Qd8 23. Qd2 Bf6 24. Be3 gxf5 25. gxf5 Kh8 26. Re2 Rb3 27. Rg2 Rg8 28. Kh2 Bh4 29. Rg4 Rxg4 30. hxg4 f6 31. Be2 Bg5 32. Bxg5 fxg5 33. Bd1 Rb8 34. Kg2 h6 35. Qf2 Qb6 36. Qxb6 Rxb6 37. Rb1 Bd7 38. Kf3 Kg7 39. Ke3 Kf8 40. Kd2 Ke7 41. Kc2 Bb5 42. Be2 Kd7 43. Rf1 Ne8 44. Rh1 Ke7 45. Rf1 Nf6 46. Rh1 Ne8 47. Rf1 Nf6 48. Rh1 1/2-1/2

[Event "Quebec-ch Elite qual"]
[Site "Montreal CAN"]
[Date "2010.05.09"]
[Round "5"]
[White "Hebert, Jean"]
[Black "Gagnon, Serge"]
[Result "1-0"]
[WhiteElo "2431"]
[BlackElo "1985"]
[PlyCount "33"]
[GameId "2160767909994628"]
[EventDate "2010.05.07"]
[EventType "swiss"]
[EventRounds "5"]
[EventCountry "CAN"]
[SourceTitle "EXT 2013"]
[Source "ChessBase"]
[SourceDate "2012.11.22"]
[SourceVersion "1"]
[SourceVersionDate "2012.11.22"]
[SourceQuality "1"]

1. d4 d6 2. e4 Nf6 3. Nc3 g6 4. h3 Bg7 5. Nf3 O-O 6. Be3 Nc6 7. d5 Nb8 8. Bc4 c6 9. a4 Qa5 10. Nd2 Nbd7 11. O-O cxd5 12. exd5 Nb6 13. Nb3 Qb4 14. Be2 Nc4 15. Qd4 Nxd5 16. Nxd5 Bxd4 17. Bxd4 1-0

[Event "Mauricie op"]
[Site "Trois-Rivieres CAN"]
[Date "2010.03.20"]
[Round "2"]
[White "Szalay, Karoly"]
[Black "Hebert, Jean"]
[Result "0-1"]
[WhiteElo "2167"]
[BlackElo "2436"]
[PlyCount "57"]
[GameId "2160767910020046"]
[EventDate "2010.03.19"]
[EventType "swiss"]
[EventRounds "5"]
[EventCountry "CAN"]
[SourceTitle "hb 2010.06"]

1. e4 e6 2. d4 d5 3. Nd2 Nf6 4. e5 Nfd7 5. f4 c5 6. c3 Nc6 7. Ndf3 cxd4 8. cxd4 Nb6 9. Ne2 Bd7 10. Nc3 Be7 11. Bd3 a5 12. O-O h5 13. Be3 Nb4 14. Be2 a4 15. Rc1 Kf8 16. Ne1 g6 17. Rf3 Rc8 18. Nd3 Nc4 19. Nxb4 Bxb4 20. Bxc4 Rxc4 21. Nxa4 Qa5 22. b3 Bxa4 23. bxa4 Kg7 24. Rb1 Re8 25. Rf2 Bc3 26. f5 exf5 27. Rb5 Qa6 28. Rxd5 Qc6 29. Rd6 0-1

[Event "Mauricie op"]
[Site "Trois-Rivieres CAN"]
[Date "2010.03.20"]
[Round "3"]
[White "Hebert, Jean"]
[Black "Kovalyov, Anton"]
[Result "1/2-1/2"]
[WhiteElo "2436"]
[BlackElo "2585"]
[PlyCount "88"]
[GameId "2160767910020050"]
[EventDate "2010.03.19"]
[EventType "swiss"]
[EventRounds "5"]
[EventCountry "CAN"]
[SourceTitle "hb 2010.06"]

1. d4 Nf6 2. c4 e6 3. Nf3 b6 4. e3 Bb7 5. Bd3 Bb4+ 6. Bd2 Bxd2+ 7. Nbxd2 c5 8. O-O d6 9. Qe2 Nc6 10. dxc5 bxc5 11. Rfd1 Qe7 12. a3 O-O 13. Ne4 Rfd8 14. Nc3 a5 15. Rd2 Ba6 16. Qd1 Rab8 17. Qa4 Rb6 18. Rad1 Bb7 19. Bf1 h6 20. Qc2 Ba8 21. Na4 Rbb8 22. Be2 Na7 23. Nc3 Bc6 24. e4 e5 25. Nd5 Bxd5 26. cxd5 Qb7 27. Re1 Nb5 28. Bxb5 Qxb5 29. Qc1 Qa4 30. Rc2 Rb3 31. Nd2 Rd3 32. Nc4 Rd4 33. f3 g6 34. Rc3 Kg7 35. b3 Qb5 36. Qc2 Qa6 37. a4 Ne8 38. g3 Rd7 39. Kg2 Re7 40. Rd3 Nf6 41. Rc3 Ne8 42. Ree3 Rb7 43. h3 Rb4 44. Re1 Rb7 1/2-1/2

[Event "Mauricie op"]
[Site "Trois-Rivieres CAN"]
[Date "2010.03.21"]
[Round "4"]
[White "Sambuev, Bator"]
[Black "Hebert, Jean"]
[Result "1-0"]
[WhiteElo "2550"]
[BlackElo "2436"]
[PlyCount "119"]
[GameId "2160767910020074"]
[EventDate "2010.03.19"]
[EventType "swiss"]
[EventRounds "5"]
[EventCountry "CAN"]
[SourceTitle "hb 2010.06"]

1. d4 d5 2. c4 c6 3. Nf3 Nf6 4. Nc3 a6 5. c5 Bf5 6. Bf4 Nh5 7. Bd2 e6 8. Qb3 Ra7 9. Ne5 Nf6 10. f3 Nfd7 11. Bf4 Nxe5 12. Bxe5 Nd7 13. Bg3 Be7 14. e4 Bg6 15. h4 h6 16. exd5 exd5 17. O-O-O O-O 18. Na4 Bf6 19. h5 Bh7 20. Bd3 Bxd3 21. Rxd3 Re8 22. Re1 Rxe1+ 23. Bxe1 Qb8 24. g3 Ra8 25. Bd2 Qc7 26. g4 Re8 27. f4 Re4 28. Qb4 a5 29. Qc3 Rxf4 30. Bxf4 Qxf4+ 31. Kc2 Nf8 32. Qxa5 Ne6 33. Nc3 Qf2+ 34. Kb1 Kh7 35. Qa4 Nxd4 36. Qd1 Kg8 37. Na4 Ne6 38. Rb3 Nd8 39. a3 d4 40. Nb6 Qf4 41. Nd7 Bg5 42. Qe2 Qc1+ 43. Ka2 Be3 44. Qd3 Qh1 45. Qf5 Qd5 46. Qxd5 cxd5 47. Nb6 Kf8 48. Nxd5 Bg1 49. Rf3 Ke8 50. b4 Kd7 51. Kb3 f6 52. Rf1 Bh2 53. Kc4 Nc6 54. b5 Ne5+ 55. Kxd4 Nxg4 56. Ke4 Be5 57. Rg1 Ke6 58. Nf4+ Bxf4 59. Kxf4 f5 60. Rd1 1-0

[Event "Mauricie op"]
[Site "Trois-Rivieres CAN"]
[Date "2010.03.21"]
[Round "5"]
[White "Hebert, Jean"]
[Black "Marinkovic, Mate"]
[Result "1-0"]
[WhiteElo "2436"]
[BlackElo "1794"]
[PlyCount "83"]
[GameId "2160767910020076"]
[EventDate "2010.03.19"]
[EventType "swiss"]
[EventRounds "5"]
[EventCountry "CAN"]
[SourceTitle "hb 2010.06"]

1. d4 d5 2. c4 c6 3. Nc3 Nf6 4. e3 Bf5 5. cxd5 cxd5 6. Qb3 Bc8 7. Nf3 e6 8. Bd2 Nc6 9. Rc1 Bd6 10. Bd3 O-O 11. e4 dxe4 12. Nxe4 Be7 13. Bc3 Qb6 14. Qd1 Nd5 15. O-O Rd8 16. Re1 Bd7 17. g3 Rac8 18. Qe2 h6 19. h4 Ncb4 20. Bc4 Rxc4 21. Qxc4 Bb5 22. Qb3 Nd3 23. Qd1 Nxc1 24. Qxc1 Rc8 25. Qd2 Qa6 26. a3 Bd3 27. Nc5 Bxc5 28. dxc5 Rxc5 29. Ne5 Bh7 30. Qd4 Rc7 31. Nd7 f6 32. Nc5 Qb6 33. b4 Rc6 34. Rxe6 Nxc3 35. Re8+ Kf7 36. Qd7+ Kg6 37. Re7 Kh5 38. Rxg7 Bg6 39. Rxg6 Ne2+ 40. Kh2 Kxg6 41. h5+ Kg5 42. Ne4+ 1-0

[Event "Montmagny op"]
[Site "Montmagny CAN"]
[Date "2009.11.06"]
[Round "1"]
[White "Vezina, Antoine"]
[Black "Hebert, Jean"]
[Result "0-1"]
[WhiteElo "1824"]
[BlackElo "2446"]
[PlyCount "65"]
[GameId "2160767910030406"]
[EventDate "2009.11.06"]
[EventType "swiss"]
[EventRounds "5"]
[EventCountry "CAN"]
[SourceTitle "EXT 2011"]
[Source "ChessBase"]
[SourceDate "2011.11.26"]
[SourceVersion "1"]
[SourceVersionDate "2011.11.26"]
[SourceQuality "1"]

1. e4 c5 2. Nf3 Nc6 3. g3 g6 4. Bg2 Bg7 5. O-O Nf6 6. d3 d5 7. Nbd2 O-O 8. c3 e5 9. a3 d4 10. cxd4 cxd4 11. Nc4 Ne8 12. Nh4 Be6 13. Nd2 Nd6 14. Nb3 Qb6 15. Nd2 Qa6 16. f4 Qxd3 17. Rf3 Qa6 18. f5 Bd7 19. Bf1 b5 20. g4 Rac8 21. Qe1 Nb4 22. Nxg6 fxg6 23. Qh4 Nc2 24. Rh3 h6 25. Nf3 Nf7 26. g5 h5 27. Be2 Nxa1 28. Bd2 Nb3 29. Bb4 Rc1+ 30. Ne1 Rfc8 31. fxg6 Qxg6 32. Bxh5 Qxg5+ 33. Qxg5 0-1